000 00563nam a2200181 i 4500
001 75567
003 ES-MaACL
005 20250807015907.0
007 t|
008 040927s1969 sp ||||1| spa d
100 1 _aGozzer, Giovanni.
_959434
245 1 0 _aReligión y revolución en América Latina /
_cGiovanni Gozzer ; versión de Constantino Aznar de Acevedo.
260 _a[Madrid] :
_bTaurus,
_c[1969]
300 _a360 p. ;
_c18 cm.
700 1 _aAznar de Acevedo, Constantino
_924305
852 _aES-MaACL
_jC-53557
_bR.72345
999 _c75567
_d75567